মেশ্কাত শরীফ : (Record no. 8429)
[ view plain ]
| 000 -LEADER | |
|---|---|
| fixed length control field | 00808nam a2200217 a 4500 |
| 001 - CONTROL NUMBER | |
| JCCL Control Number | 8429 |
| 003 - CONTROL NUMBER IDENTIFIER | |
| JCCL marc code | BD-JhCC |
| 005 - DATE AND TIME OF LATEST TRANSACTION | |
| control field | 20180224172819.0 |
| 008 - FIXED-LENGTH DATA ELEMENTS--GENERAL INFORMATION | |
| fixed length control field | 180224s2008 bg |||| |||| 000 0 mul d |
| 035 ## - SYSTEM CONTROL NUMBER | |
| system control number | (BD-JhCC)8429 |
| 040 ## - CATALOGING SOURCE | |
| Original cataloging agency | BD-JhCC |
| Modifying agency | BD-JhCC |
| 041 ## - LANGUAGE CODE | |
| Language code of Book | Bengali & Arabic |
| 082 ## - DEWEY DECIMAL CLASSIFICATION NUMBER | |
| Classification number | 297.124 |
| Author mark and Year | KAY 2008 |
| 100 ## - MAIN ENTRY--PERSONAL NAME | |
| Personal name | কায়সার, এম আফলাতুন |
| 245 ## - TITLE STATEMENT | |
| Title | মেশ্কাত শরীফ : |
| Remainder of title | বঙ্গানুবাদ ও ব্যাখ্যাসহ [সপ্তম জিল্দ] / |
| Statement of responsibility, etc | এম, আফলাতুন কায়সার, |
| 260 ## - PUBLICATION, DISTRIBUTION, ETC. (IMPRINT) | |
| Place of publication, distribution, etc | ঢাকা : |
| Name of publisher, distributor, etc | এমদাদিয়া পুস্তকালয় (প্রাঃ) লিঃ |
| 300 ## - PHYSICAL DESCRIPTION | |
| Pagination | 228 p. : |
| Dimensions | 24 cm. |
| 650 ## - SUBJECT ADDED ENTRY--TOPICAL TERM | |
| Topical term or geographic name as entry element | Islam |
| General subdivision | Hadith |
| 942 ## - ADDED ENTRY ELEMENTS (KOHA) | |
| Source of classification or shelving scheme | Dewey Decimal Classification |
| Koha item type | Books |
| Source of classification or shelving scheme | volume number | Damaged status | Not for loan | Home library | Current library | Shelving location | Date of accession | Cost, normal purchase price | Total Checkouts | Full call number | Barcode | Date last seen | Copy number | Koha item type |
|---|---|---|---|---|---|---|---|---|---|---|---|---|---|---|
| Dewey Decimal Classification | V-7 | JCC Rouf Library | JCC Rouf Library | General Stacks | 02/24/2018 | 200.00 | 297.124 KAY 2008 | 411 | 02/24/2018 | C-1 | Books |